[Event "Barcelona La Lira op 12th"]
[Site "Barcelona"]
[Date "2019.05.23"]
[Round "7"]
[White "Capellades Subirana, Marc"]
[Black "Martorell Aguado, Joan"]
[Result "0-1"]
[WhiteElo "2193"]
[BlackElo "2268"]
[PlyCount "96"]
[EventDate "2019.04.04"]
[EventType "swiss"]
[EventRounds "9"]
[EventCountry "ESP"]
[SourceTitle "CBM 190 Extra"]
[Source "ChessBase"]
[SourceDate "2019.07.15"]
[SourceVersion "1"]
[SourceVersionDate "2019.07.15"]
[SourceQuality "1"]

1. e4 c5 2. Nf3 d6 3. d4 cxd4 4. Nxd4 Nf6 5. Nc3 Nc6 6. Bg5 e6 7. Qd2 a6 8. 0-0-0 Bd7 9. f4 b5 10. Bxf6 gxf6 11. Kb1 Qb6 12. Nf3 b4 13. Ne2 a5 14. f5 e5 15. Ng3 h5 16. Bc4 Rc8 17. Qd5 Nd8 18. Nh4 Qc7 19. b3 Bc6 20. Qd2 Nb7 21. c3 Nc5 22. Rhe1 Qb7 23. cxb4 Nxe4 24. Nxe4 Bxe4+ 25. Ka1 d5 26. Rxe4 dxe4 27. Ba6 Qc7 28. Bb5+ Ke7 29. bxa5 Bh6 30. Qb4+ Qc5 31. Rd7+ Kf8 32. Qxc5+ Rxc5 33. Bc4 Rxc4 34. bxc4 Kg7 35. Kb2 Ra8 36. Rd5 Be3 37. g3 Kh6 38. Rd7 Bd4+ 39. Kc2 Rxa5 40. Rxf7 Rxa2+ 41. Kd1 e3 42. Rxf6+ Kg7 43. Rg6+ Kf7 44. Nf3 e2+ 45. Kc1 Be3+ 46. Kb1 e4 47. Ne1 Rd2 48. Ng2 Rd1+ 0-1

[Event "Barcelona La Lira op 12th"]
[Site "Barcelona"]
[Date "2019.05.02"]
[Round "4"]
[White "Martorell Aguado, Joan"]
[Black "Bieg Pagel, Clemens"]
[Result "1-0"]
[WhiteElo "2268"]
[BlackElo "1802"]
[PlyCount "61"]
[EventDate "2019.04.04"]
[EventType "swiss"]
[EventRounds "9"]
[EventCountry "ESP"]
[SourceTitle "CBM 190 Extra"]
[Source "ChessBase"]
[SourceDate "2019.07.15"]
[SourceVersion "1"]
[SourceVersionDate "2019.07.15"]
[SourceQuality "1"]

1. d4 Nf6 2. Nf3 e6 3. Bg5 h6 4. Bh4 c5 5. e3 b6 6. Nc3 Bb7 7. Bxf6 Qxf6 8. d5 a6 9. e4 e5 10. a4 d6 11. Bd3 Nd7 12. 0-0 g5 13. Nd2 Be7 14. Nc4 Rb8 15. Rb1 Bc8 16. Ne3 Bd8 17. Qe2 Ra8 18. b4 a5 19. bxa5 bxa5 20. Bb5 0-0 21. Nf5 Kh7 22. Nd1 Rg8 23. Nde3 g4 24. Nxg4 Qg5 25. Qe3 h5 26. Qxg5 Bxg5 27. Nge3 Bxe3 28. fxe3 Nf6 29. Ne7 Nxe4 30. Nxg8 Kxg8 31. Bc6 1-0

[Event "Barcelona La Lira op 12th"]
[Site "Barcelona"]
[Date "2019.04.25"]
[Round "3"]
[White "Vallbona Domingo, Joan"]
[Black "Martorell Aguado, Joan"]
[Result "0-1"]
[WhiteElo "1888"]
[BlackElo "2268"]
[PlyCount "34"]
[EventDate "2019.04.04"]
[EventType "swiss"]
[EventRounds "9"]
[EventCountry "ESP"]
[SourceTitle "CBM 190 Extra"]
[Source "ChessBase"]
[SourceDate "2019.07.15"]
[SourceVersion "1"]
[SourceVersionDate "2019.07.15"]
[SourceQuality "1"]

1. c4 Nf6 2. Nf3 g6 3. b3 Bg7 4. Bb2 0-0 5. g3 d6 6. Bg2 e5 7. 0-0 Nh5 8. e4 Nc6 9. d3 Be6 10. Nc3 h6 11. Nd5 Qd7 12. Nh4 Nd4 13. Qd2 c6 14. Nc3 Bh3 15. f4 exf4 16. gxf4 Qg4 17. Qf2 Bf6 0-1

[Event "Barcelona Sant Marti op 8th"]
[Site "Barcelona"]
[Date "2019.02.21"]
[Round "6"]
[White "Ayza Leon, David"]
[Black "Martorell Aguado, Joan"]
[Result "1/2-1/2"]
[WhiteElo "2164"]
[BlackElo "2271"]
[PlyCount "149"]
[EventDate "2019.01.17"]
[EventType "swiss"]
[EventRounds "9"]
[EventCountry "ESP"]
[SourceTitle "CBM 189 Extra"]
[Source "ChessBase"]
[SourceDate "2019.06.03"]
[SourceVersion "1"]
[SourceVersionDate "2019.06.03"]
[SourceQuality "1"]

1. e4 c5 2. Nf3 Nc6 3. d4 cxd4 4. Nxd4 Nf6 5. Nc3 d6 6. Bg5 e6 7. Qd2 a6 8. Nxc6 bxc6 9. 0-0-0 Qa5 10. Bxf6 gxf6 11. Qe3 Rb8 12. Bc4 Qb6 13. Qxb6 Rxb6 14. Rhe1 h5 15. Kb1 Rg8 16. g3 a5 17. h4 e5 18. Be2 Bg4 19. Rd3 Ke7 20. Red1 Ke6 21. f3 Bh3 22. Rh1 Rxg3 23. f4 Rxd3 24. cxd3 Bg4 25. Bxg4+ hxg4 26. f5+ Ke7 27. Rg1 Bh6 28. Rxg4 Rb8 29. Kc2 Rh8 30. a3 Be3 31. b4 axb4 32. axb4 Rb8 33. b5 Bd4 34. bxc6 Bxc3 35. Kxc3 Rc8 36. h5 Rxc6+ 37. Kb4 Rc1 38. Rh4 Kf8 39. h6 Kg8 40. h7+ Kh8 41. Rh6 Rc8 42. Rxf6 Kg7 43. Rxd6 Kxh7 44. Rd7 Kg7 45. Rd6 Rc7 46. Rd5 Kf6 47. Rc5 Rd7 48. Kc3 Rd6 49. Kd2 Ra6 50. Rc1 Rb6 51. Ke3 Ra6 52. Kf3 Rd6 53. Rd1 Kg5 54. Ke3 Rd4 55. Rc1 Rd6 56. Rc4 Ra6 57. Rc5 Kf6 58. Rd5 Rb6 59. Kf3 Rb1 60. Rd7 Rf1+ 61. Ke2 Ra1 62. Kd2 Ra6 63. Kc3 Rc6+ 64. Kb4 Rc1 65. Kb5 Rc2 66. Kb6 Rc3 67. Rd5 Rc8 68. Rc5 Rd8 69. Rc3 Rd4 70. Kc7 Ke7 71. Rc5 Rd7+ 72. Kc6 Rd6+ 73. Kc7 Rd7+ 74. Kc6 Rd6+ 75. Kc7 1/2-1/2

[Event "Barcelona Sant Marti op 8th"]
[Site "Barcelona"]
[Date "2019.02.14"]
[Round "5"]
[White "Martorell Aguado, Joan"]
[Black "Perez Garcia, Adria"]
[Result "1/2-1/2"]
[WhiteElo "2271"]
[BlackElo "2182"]
[PlyCount "147"]
[EventDate "2019.01.17"]
[EventType "swiss"]
[EventRounds "9"]
[EventCountry "ESP"]
[SourceTitle "CBM 189 Extra"]
[Source "ChessBase"]
[SourceDate "2019.06.03"]
[SourceVersion "1"]
[SourceVersionDate "2019.06.03"]
[SourceQuality "1"]

1. Nf3 d5 2. c4 c6 3. g3 Nf6 4. Bg2 Bf5 5. Qb3 Qb6 6. d3 e6 7. Be3 Qxb3 8. axb3 a6 9. Nc3 Nbd7 10. 0-0 Be7 11. h3 h6 12. Bf4 0-0 13. Rfd1 Bh7 14. g4 Nc5 15. Nd2 a5 16. Rdc1 Ncd7 17. d4 Bb4 18. Re1 Rfe8 19. Nf3 Ne4 20. Nxe4 Bxe4 21. Ne5 Nxe5 22. Bxe5 Bxg2 23. Kxg2 f6 24. Bg3 Kf7 25. f3 Red8 26. Red1 Rd7 27. e3 Rad8 28. Be1 dxc4 29. bxc4 e5 30. Bc3 exd4 31. exd4 Bc5 32. Bxa5 b6 33. Bc3 Bxd4 34. Ra6 Bxc3 35. Rxd7+ Rxd7 36. bxc3 Rd2+ 37. Kg3 Rb2 38. c5 b5 39. Rxc6 Rc2 40. Rb6 Rxc3 41. Rxb5 g5 42. Rb7+ Kg6 43. Rc7 h5 44. Rc8 Rc2 45. gxh5+ Kxh5 46. Rh8+ Kg6 47. Rc8 f5 48. h4 gxh4+ 49. Kxh4 Kf6 50. c6 Rc4+ 51. Kg3 Ke6 52. c7 Kd7 53. Rf8 Kxc7 54. Rxf5 Kd6 55. Rf4 Rc1 56. Re4 Rg1+ 57. Kf4 Rg8 58. Re5 Rc8 59. Re2 Rf8+ 60. Kg3 Rg8+ 61. Kf2 Rf8 62. Re4 Kd5 63. Kg3 Rg8+ 64. Rg4 Re8 65. Rg6 Ke5 66. Kg4 Rf8 67. Rg5+ Ke6 68. f4 Ra8 69. Rg6+ Kf7 70. Kg5 Ra5+ 71. f5 Ra1 72. Rf6+ Kg7 73. Rb6 Rg1+ 74. Kf4 1/2-1/2

[Event "Barcelona Sant Marti op 8th"]
[Site "Barcelona"]
[Date "2019.02.07"]
[Round "4"]
[White "Perez Pastora, Evaristo"]
[Black "Martorell Aguado, Joan"]
[Result "0-1"]
[WhiteElo "2022"]
[BlackElo "2271"]
[PlyCount "146"]
[EventDate "2019.01.17"]
[EventType "swiss"]
[EventRounds "9"]
[EventCountry "ESP"]
[SourceTitle "CBM 189 Extra"]
[Source "ChessBase"]
[SourceDate "2019.06.03"]
[SourceVersion "1"]
[SourceVersionDate "2019.06.03"]
[SourceQuality "1"]

1. e4 e6 2. d4 d5 3. Nc3 Bb4 4. e5 c5 5. Bd2 Nh6 6. Nb5 Bxd2+ 7. Qxd2 0-0 8. c3 Nc6 9. Nf3 a6 10. Na3 cxd4 11. cxd4 f6 12. exf6 Qxf6 13. Be2 Nf5 14. Nc2 Bd7 15. 0-0 Be8 16. h3 Bg6 17. Rad1 Nd6 18. Ne3 Ne4 19. Ng4 Nxd2 20. Nxf6+ gxf6 21. Rxd2 Rac8 22. Re1 Ne7 23. Bd3 Rc6 24. g4 Kf7 25. Re3 Bxd3 26. Rdxd3 Rc2 27. Rb3 b5 28. Ne1 Rc4 29. Rbd3 Rfc8 30. Rd2 Rc1 31. Kg2 h5 32. Nd3 R1c6 33. Rde2 hxg4 34. hxg4 Ng6 35. Kg3 Re8 36. f4 Re7 37. b3 a5 38. Rh2 Kg7 39. Rhe2 Kf7 40. Rh2 Kf8 41. Rhe2 b4 42. Rf2 Rc3 43. Rfe2 Kf7 44. Nc5 Rxe3+ 45. Rxe3 Nf8 46. Re2 Rc7 47. Rh2 Rc6 48. Rf2 Ke7 49. Nb7 Rc3+ 50. Rf3 Rc1 51. Nxa5 Rc7 52. f5 exf5 53. Rxf5 Ke6 54. Rf2 Nd7 55. a3 bxa3 56. Ra2 Rc3+ 57. Kf4 Rd3 58. Rxa3 Rxd4+ 59. Kg3 Ne5 60. Ra4 Rd3+ 61. Kf2 d4 62. Ke2 Re3+ 63. Kd2 Re4 64. Nb7 Rxg4 65. b4 Rg2+ 66. Kd1 Nc4 67. Ra6+ Ke5 68. Nc5 f5 69. Nd3+ Ke4 70. Nc5+ Kd5 71. Rf6 Ne3+ 72. Ke1 Kc4 73. Ne6 d3 0-1

[Event "Barcelona Sant Marti op 6th"]
[Site "Barcelona"]
[Date "2017.02.23"]
[Round "7"]
[White "Cervello Tost, Roger"]
[Black "Martorell Aguado, Joan"]
[Result "0-1"]
[WhiteElo "1955"]
[BlackElo "2242"]
[PlyCount "64"]
[EventDate "2017.01.12"]
[EventType "swiss"]
[EventRounds "9"]
[EventCountry "ESP"]
[SourceTitle "EXT 2018"]
[Source "ChessBase"]
[SourceDate "2017.10.13"]
[SourceVersion "1"]
[SourceVersionDate "2017.10.13"]
[SourceQuality "1"]

1. e4 d6 2. d4 g6 3. Nf3 Bg7 4. Bd3 a6 5. c3 Nd7 6. 0-0 e5 7. Bg5 Ngf6 8. Nbd2 0-0 9. h3 h6 10. Bh4 Qe8 11. Bxf6 Nxf6 12. dxe5 dxe5 13. Nc4 Nh5 14. Ne3 c6 15. Bc4 b5 16. Bb3 Qe7 17. Qc2 Nf4 18. c4 Qf6 19. Ne1 h5 20. cxb5 axb5 21. Rc1 Bd7 22. Nd3 Rad8 23. Rfd1 Bh6 24. Kh2 Bxh3 25. gxh3 Nxd3 26. Rxd3 Rxd3 27. Qxd3 Qxf2+ 28. Ng2 Bxc1 29. Kh1 Bxb2 30. Qd6 Kg7 31. Qxc6 Bd4 32. Qc1 Qg3 0-1

[Event "Barcelona Sants op-A18th"]
[Site "Barcelona"]
[Date "2016.08.26"]
[Round "8"]
[White "Petrosyan, Tigran S"]
[Black "Martorell Aguado, Joan"]
[Result "1-0"]
[WhiteElo "2462"]
[BlackElo "2206"]
[PlyCount "109"]
[EventDate "2016.08.19"]
[EventType "swiss"]
[EventRounds "10"]
[EventCountry "ESP"]
[SourceTitle "CBM 174 Extra"]
[Source "ChessBase"]
[SourceDate "2016.10.10"]
[SourceVersion "1"]
[SourceVersionDate "2016.10.10"]
[SourceQuality "1"]

1. e4 c5 2. Nf3 d6 3. d4 cxd4 4. Nxd4 Nf6 5. Nc3 Nc6 6. Bg5 e6 7. Qd2 a6 8. 0-0-0 Bd7 9. f4 b5 10. Bxf6 gxf6 11. Kb1 Qb6 12. Nxc6 Bxc6 13. f5 b4 14. Ne2 e5 15. Ng3 h5 16. h4 Qc5 17. Bd3 Bh6 18. Qe2 Ke7 19. Nxh5 a5 20. Rh3 a4 21. g4 a3 22. Bc4 Bf4 23. Nxf4 exf4 24. Bd5 Rac8 25. h5 Bxd5 26. Rxd5 Qc4 27. Rhd3 f3 28. Qd2 Rc6 29. R5d4 Qc5 30. Rxf3 Rhc8 31. Rf2 b3 32. axb3 axb2 33. Ra4 R8c7 34. Qd4 Qb5 35. Kxb2 Rc5 36. h6 Qc6 37. Rc4 Rxc4 38. bxc4 Qa4 39. Kc3 Qa1+ 40. Kd3 Qd1+ 41. Ke3 Qxg4 42. Kd2 Qg5+ 43. Qe3 Rxc4 44. Qxg5 fxg5 45. h7 Rc8 46. f6+ Ke6 47. Rh2 Rh8 48. Rh6 Ke5 49. Ke3 g4 50. c4 g3 51. Kf3 g2 52. Kxg2 Kf4 53. Kf2 Kg5 54. Rh1 Kxf6 55. Ke3 1-0

[Event "Barcelona Sants op-A18th"]
[Site "Barcelona"]
[Date "2016.08.25"]
[Round "7"]
[White "Martorell Aguado, Joan"]
[Black "Mullon, Jean Baptiste"]
[Result "1/2-1/2"]
[WhiteElo "2206"]
[BlackElo "2412"]
[PlyCount "86"]
[EventDate "2016.08.19"]
[EventType "swiss"]
[EventRounds "10"]
[EventCountry "ESP"]
[SourceTitle "CBM 174 Extra"]
[Source "ChessBase"]
[SourceDate "2016.10.10"]
[SourceVersion "1"]
[SourceVersionDate "2016.10.10"]
[SourceQuality "1"]

1. c4 Nf6 2. Nc3 e5 3. g3 d5 4. cxd5 Nxd5 5. Bg2 Nb6 6. Nf3 Nc6 7. 0-0 Be7 8. a3 0-0 9. b4 Be6 10. d3 f6 11. Ne4 Qd7 12. Be3 Nd4 13. Nxd4 exd4 14. Bd2 Rad8 15. Qc2 c6 16. a4 Bh3 17. Rfc1 Bxg2 18. Kxg2 a6 19. b5 axb5 20. axb5 cxb5 21. Ba5 Rc8 22. Qa2+ Nd5 23. Bb6 Kh8 24. Bxd4 f5 25. Nd2 Rce8 26. Qb2 Bg5 27. e3 f4 28. gxf4 Rxf4 29. exf4 Nxf4+ 30. Kf1 Nxd3 31. Bxg7+ Kg8 32. Qd4 Qxd4 33. Bxd4 Nxc1 34. Rxc1 Bxd2 35. Rc7 Re4 36. Ba7 b4 37. Rxb7 Bc3 38. Bb8 h5 39. Kg2 Kf8 40. Kf3 Rc4 41. Ke3 Ke8 42. f4 Bf6 43. Bd6 Bc3 1/2-1/2

[Event "Barcelona Sants op-A18th"]
[Site "Barcelona"]
[Date "2016.08.23"]
[Round "5"]
[White "Martorell Aguado, Joan"]
[Black "Sundararajan, Kidambi"]
[Result "0-1"]
[WhiteElo "2206"]
[BlackElo "2442"]
[PlyCount "40"]
[EventDate "2016.08.19"]
[EventType "swiss"]
[EventRounds "10"]
[EventCountry "ESP"]
[SourceTitle "EXT 2017"]
[Source "ChessBase"]
[SourceDate "2016.10.25"]
[SourceVersion "1"]
[SourceVersionDate "2016.10.25"]
[SourceQuality "1"]

1. Nf3 Nf6 2. d4 c5 3. g3 cxd4 4. Nxd4 d5 5. Bg2 e5 6. Nb3 Be7 7. 0-0 0-0 8. c4 d4 9. e3 Nc6 10. exd4 exd4 11. Bg5 Bg4 12. Qd2 h6 13. Bxf6 Bxf6 14. Nc5 Re8 15. Ne4 Ne5 16. b3 Nf3+ 17. Bxf3 Bxf3 18. Nxf6+ Qxf6 19. Qc1 Re2 20. Nd2 Bc6 0-1

[Event "Salou op U2200 1st"]
[Site "Salou"]
[Date "2016.05.01"]
[Round "6"]
[White "Martorell Aguado, Joan"]
[Black "Draghici Flutur, Gavril"]
[Result "1-0"]
[WhiteElo "2186"]
[BlackElo "2147"]
[PlyCount "61"]
[EventDate "2016.04.29"]
[EventType "swiss"]
[EventRounds "6"]
[EventCountry "ESP"]
[SourceTitle "CBM 172 Extra"]
[Source "ChessBase"]
[SourceDate "2016.06.21"]
[SourceVersion "1"]
[SourceVersionDate "2016.06.21"]
[SourceQuality "1"]

1. d4 d5 2. Nf3 Nf6 3. g3 e6 4. Bg2 Be7 5. 0-0 0-0 6. b3 a5 7. Nc3 Nbd7 8. Ne5 c5 9. e3 cxd4 10. exd4 Qc7 11. Nb5 Qb6 12. a4 Ne8 13. c4 Nxe5 14. dxe5 Bd7 15. cxd5 Bxb5 16. axb5 exd5 17. Qxd5 Nc7 18. Qxb7 Qxb7 19. Bxb7 Rab8 20. Bc6 Nxb5 21. Be3 Bb4 22. Rad1 Nc3 23. Rd7 Rbc8 24. Bf3 Rce8 25. Bd4 Nb5 26. Bb2 Rc8 27. e6 Nc3 28. e7 Rfe8 29. Rc1 g5 30. Bxc3 Bxc3 31. Rd8 1-0

[Event "Salou op U2200 1st"]
[Site "Salou"]
[Date "2016.04.30"]
[Round "4"]
[White "Martorell Aguado, Joan"]
[Black "Campos Olaya, Israel"]
[Result "0-1"]
[WhiteElo "2186"]
[BlackElo "2128"]
[PlyCount "62"]
[EventDate "2016.04.29"]
[EventType "swiss"]
[EventRounds "6"]
[EventCountry "ESP"]
[SourceTitle "CBM 172 Extra"]
[Source "ChessBase"]
[SourceDate "2016.06.21"]
[SourceVersion "1"]
[SourceVersionDate "2016.06.21"]
[SourceQuality "1"]

1. c4 Nf6 2. Nc3 g6 3. g3 Bg7 4. Bg2 0-0 5. e3 e5 6. Nge2 c5 7. 0-0 d6 8. d4 Na6 9. a3 Rb8 10. b3 b6 11. b4 Bb7 12. d5 Nc7 13. e4 a5 14. bxa5 Ba6 15. axb6 Rxb6 16. Qd3 Qa8 17. Bd2 Rfb8 18. f4 Rb2 19. fxe5 dxe5 20. Bc1 R2b3 21. Bh3 R8b6 22. Be3 Bf8 23. Nc1 Rxc3 24. Qxc3 Nxe4 25. Qxe5 Nd6 26. Bxc5 Nxc4 27. Qd4 Bg7 28. Qf2 Rf6 29. Qa2 Rxf1+ 30. Bxf1 Qxd5 31. Bf2 Bb7 0-1

[Event "Salou op U2200 1st"]
[Site "Salou"]
[Date "2016.04.29"]
[Round "1"]
[White "Ferrer Dalmau, Josep Antonio"]
[Black "Martorell Aguado, Joan"]
[Result "0-1"]
[WhiteElo "1793"]
[BlackElo "2186"]
[PlyCount "44"]
[EventDate "2016.04.29"]
[EventType "swiss"]
[EventRounds "6"]
[EventCountry "ESP"]
[SourceTitle "CBM 172 Extra"]
[Source "ChessBase"]
[SourceDate "2016.06.21"]
[SourceVersion "1"]
[SourceVersionDate "2016.06.21"]
[SourceQuality "1"]

1. d4 Nf6 2. c4 e6 3. Nf3 d5 4. Nc3 dxc4 5. e4 Bb4 6. Bg5 h6 7. Bxf6 Qxf6 8. Qa4+ Nc6 9. Ne5 0-0 10. Nxc6 Bxc3+ 11. bxc3 bxc6 12. Qxc6 Rb8 13. Qxc4 Rb2 14. Be2 Bb7 15. Qd3 Qf4 16. Bf3 Ba6 17. Qd1 Rfb8 18. g3 Qd6 19. Qc1 Qa3 20. Bd1 c5 21. d5 exd5 22. exd5 Re8+ 0-1

[Event "Barcelona Vila de Gracia op 9th"]
[Site "Barcelona"]
[Date "2015.11.13"]
[Round "7"]
[White "Martorell Aguado, Joan"]
[Black "Magallanes, Gustavo"]
[Result "0-1"]
[WhiteElo "2310"]
[BlackElo "2174"]
[PlyCount "42"]
[EventDate "2015.10.02"]
[EventType "swiss"]
[EventRounds "9"]
[EventCountry "ESP"]
[SourceTitle "CBM 169 Extra"]
[Source "ChessBase"]
[SourceDate "2015.12.18"]
[SourceVersion "1"]
[SourceVersionDate "2015.12.18"]
[SourceQuality "1"]

1. d4 Nf6 2. Nf3 c5 3. d5 g6 4. g3 d6 5. Bg2 Bg7 6. 0-0 0-0 7. a4 Na6 8. Re1 Rb8 9. c4 Ne4 10. Nh4 f5 11. f3 Nf6 12. Nc3 Nb4 13. h3 e5 14. e4 Nh5 15. f4 Nxg3 16. Nf3 fxe4 17. Ng5 exf4 18. Ncxe4 Nxe4 19. Nxe4 Qh4 20. Rf1 Bxh3 21. Nf2 Bxg2 0-1

[Event "Barcelona Vila de Gracia op 9th"]
[Site "Barcelona"]
[Date "2015.10.02"]
[Round "1"]
[White "Galceran Porqueras, Joan"]
[Black "Martorell Aguado, Joan"]
[Result "0-1"]
[WhiteElo "1966"]
[BlackElo "2310"]
[PlyCount "62"]
[EventDate "2015.10.02"]
[EventType "swiss"]
[EventRounds "9"]
[EventCountry "ESP"]
[SourceTitle "CBM 169 Extra"]
[Source "ChessBase"]
[SourceDate "2015.12.18"]
[SourceVersion "1"]
[SourceVersionDate "2015.12.18"]
[SourceQuality "1"]

1. e4 c5 2. d3 g6 3. Qe2 Bg7 4. Nf3 Nc6 5. c3 b5 6. g3 d6 7. Bg2 Rb8 8. 0-0 b4 9. Be3 Nf6 10. e5 dxe5 11. Bxc5 Nd7 12. Be3 0-0 13. Nbd2 bxc3 14. bxc3 Ba6 15. Ng5 Qc7 16. Rab1 h6 17. Nge4 Rbd8 18. c4 Na5 19. Nb3 Nc6 20. Nec5 Nxc5 21. Nxc5 Bc8 22. f4 Nd4 23. Bxd4 Rxd4 24. Nb3 Rdd8 25. Rbd1 exf4 26. Rxf4 a5 27. Qf2 g5 28. Re4 f5 29. Re2 a4 30. Qc5 Qxc5+ 31. Nxc5 Bd4+ 0-1

[Event "Barcelona Sant Marti rapid op 6th"]
[Site "Barcelona"]
[Date "2015.09.19"]
[Round "5.2"]
[White "Chalmeta Ugas, Jordi Ramon"]
[Black "Martorell Aguado, Joan"]
[Result "1-0"]
[WhiteElo "2254"]
[BlackElo "2311"]
[PlyCount "97"]
[EventDate "2015.09.19"]
[EventType "swiss (rapid)"]
[EventRounds "9"]
[EventCountry "ESP"]
[SourceTitle "EXT 2024"]
[Source "ChessBase"]
[SourceDate "2023.10.10"]
[SourceVersion "1"]
[SourceVersionDate "2023.10.10"]
[SourceQuality "1"]

1. d4 Nf6 2. c4 c5 3. d5 e5 4. Nc3 d6 5. e4 Nbd7 6. f3 Be7 7. g3 0-0 8. h4 Ne8 9. Bh3 g6 10. h5 Bg5 11. Qd3 Bxc1 12. Rxc1 Qg5 13. Nge2 Ndf6 14. hxg6 hxg6 15. Kd1 Nh5 16. Bxc8 Rxc8 17. Kc2 a6 18. a4 Nc7 19. Rcf1 Qe7 20. f4 Kg7 21. f5 Qg5 22. g4 Nf6 23. Nd1 Rh8 24. Nf2 Rxh1 25. Rxh1 Rh8 26. Rxh8 Kxh8 27. Qh3+ Kg7 28. a5 Na8 29. fxg6 fxg6 30. Qb3 Nxg4 31. Qxb7+ Kh6 32. Qxa8 Nf6 33. Qf8+ Kh7 34. Qf7+ Kh8 35. Qf8+ Kh7 36. Qxd6 Qh4 37. Qe7+ Kg8 38. Nd3 Qxe4 39. Qxf6 Qxe2+ 40. Kc3 e4 41. Qxg6+ Kh8 42. Qh6+ Kg8 43. Qg5+ Kh8 44. Qh4+ Kg8 45. Qg3+ Kh8 46. Ne5 e3 47. Qh4+ Kg7 48. Qg5+ Kh7 49. Qg6+ 1-0

[Event "Barcelona Sant Marti rapid op 6th"]
[Site "Barcelona"]
[Date "2015.09.19"]
[Round "2.2"]
[White "Martinez Lopez, Carlos"]
[Black "Martorell Aguado, Joan"]
[Result "1/2-1/2"]
[WhiteElo "2127"]
[BlackElo "2311"]
[PlyCount "130"]
[EventDate "2015.09.19"]
[EventType "swiss (rapid)"]
[EventRounds "9"]
[EventCountry "ESP"]
[SourceTitle "EXT 2024"]
[Source "ChessBase"]
[SourceDate "2023.10.10"]
[SourceVersion "1"]
[SourceVersionDate "2023.10.10"]
[SourceQuality "1"]

1. e4 c5 2. Nf3 d6 3. d4 cxd4 4. Nxd4 Nf6 5. Nc3 Nc6 6. Bg5 e6 7. f4 Bd7 8. Nb3 a6 9. Qf3 b5 10. 0-0-0 Rc8 11. Kb1 Be7 12. g4 b4 13. Ne2 a5 14. Bxf6 gxf6 15. Ned4 a4 16. Nxc6 Bxc6 17. Nd4 Qb6 18. Nxc6 Rxc6 19. Qd3 0-0 20. Qb5 Qc7 21. Qxa4 Qb7 22. Qb5 Rb6 23. Qh5 Rc8 24. Bd3 e5 25. fxe5 dxe5 26. Rdf1 Bf8 27. g5 fxg5 28. Qxg5+ Rg6 29. Qxe5 Bg7 30. Qd5 Qe7 31. Bc4 Rf6 32. Rxf6 Qxf6 33. e5 Qxe5 34. Qxe5 Bxe5 35. Bd3 Rc6 36. Rg1+ Kf8 37. Bxh7 Rh6 38. Bd3 Rxh2 39. a4 bxa3 40. bxa3 Ke7 41. Bc4 Rh4 42. Bb3 Bc3 43. Rf1 f5 44. Bd5 f4 45. Ka2 Kd6 46. Kb3 Bd2 47. Bf3 Ke5 48. c4 Rh8 49. c5 Kd4 50. c6 Rb8+ 51. Ka2 Ke3 52. Bd5 Rc8 53. Rb1 Rc7 54. Rb7 Ba5 55. Rxc7 Bxc7 56. Kb3 Kd4 57. Bf3 Kc5 58. Kc3 Kb5 59. Kb3 Ka5 60. Kc4 Ka4 61. Kd5 Kxa3 62. Ke6 Kb4 63. Kd7 Ba5 64. c7 Bxc7 65. Kxc7 Kc3 1/2-1/2

[Event "Barcelona Sant Marti rapid op 6th"]
[Site "Barcelona"]
[Date "2015.09.19"]
[Round "7.4"]
[White "Nadal Fajardo, Ricard"]
[Black "Martorell Aguado, Joan"]
[Result "1-0"]
[WhiteElo "2100"]
[BlackElo "2311"]
[PlyCount "119"]
[EventDate "2015.09.19"]
[EventType "swiss (rapid)"]
[EventRounds "9"]
[EventCountry "ESP"]
[SourceTitle "EXT 2024"]
[Source "ChessBase"]
[SourceDate "2023.10.10"]
[SourceVersion "1"]
[SourceVersionDate "2023.10.10"]
[SourceQuality "1"]

1. e4 c5 2. Nc3 Nc6 3. f4 a6 4. g3 e6 5. a4 Nge7 6. Nf3 g6 7. Bg2 Bg7 8. 0-0 0-0 9. e5 d6 10. exd6 Qxd6 11. Ne4 Qc7 12. d3 Nd4 13. c3 Nxf3+ 14. Qxf3 Rb8 15. Be3 b6 16. Kh1 Bb7 17. Qe2 Rbd8 18. Rfd1 a5 19. Nd2 Bxg2+ 20. Kxg2 Rd7 21. Nc4 Rfd8 22. Rd2 h5 23. h4 Nf5 24. Bf2 Nh6 25. Qf3 Ng4 26. Rad1 Bf6 27. Re1 Rd5 28. Re4 Bg7 29. Re1 Rf5 30. Re4 e5 31. Ne3 Nxe3+ 32. Qxe3 Bh6 33. Re2 exf4 34. gxf4 Bxf4 35. Qh3 Qc6 36. Kg1 Bh6 37. Qg2 Kh7 38. d4 c4 39. Re5 Qxa4 40. Rxf5 gxf5 41. Qf3 Qd1+ 42. Kh2 Qd3 43. Qxh5 Kg7 44. Bg3 f4 45. Rg2 Qg6 46. Bf2 Rd6 47. Rxg6+ Rxg6 48. Qe5+ Kg8 49. h5 Re6 50. Qb8+ Kg7 51. d5 Re2 52. Kg1 Rxb2 53. Bd4+ f6 54. Qc7+ Kf8 55. Bxf6 Kg8 56. Qd8+ Kf7 57. Qe7+ Kg8 58. Qe8+ Bf8 59. Be7 Rb1+ 60. Kf2 1-0

[Event "Barcelona Sants op 17th"]
[Site "Barcelona"]
[Date "2015.08.29"]
[Round "9"]
[White "Martorell Aguado, Joan"]
[Black "Carstensen, Jacob"]
[Result "1/2-1/2"]
[WhiteElo "2165"]
[BlackElo "2336"]
[PlyCount "111"]
[EventDate "2015.08.21"]
[EventType "swiss"]
[EventRounds "10"]
[EventCountry "ESP"]
[SourceTitle "EXT 2016"]
[Source "ChessBase"]
[SourceDate "2015.10.08"]
[SourceVersion "1"]
[SourceVersionDate "2015.10.08"]
[SourceQuality "1"]

1. d4 Nf6 2. Nf3 e6 3. g3 b5 4. Bg2 Bb7 5. 0-0 c5 6. Nbd2 cxd4 7. Nb3 d5 8. Nbxd4 a6 9. b3 Nbd7 10. Bb2 Rc8 11. e3 Be7 12. Qe2 Ne4 13. Nxe6 fxe6 14. Bxg7 Bf6 15. Bxh8 Bxh8 16. Nd4 Qe7 17. Qg4 Bxd4 18. exd4 Rxc2 19. Rac1 Rxc1 20. Rxc1 Ndf6 21. Qf4 Qd6 22. Qh6 Qe7 23. f3 Nd6 24. Bh3 Kd8 25. Qd2 Nfe8 26. Qa5+ Nc7 27. Re1 Bc8 28. Qb6 Nde8 29. Bf1 Qf8 30. Kg2 Qb4 31. Re5 Nf6 32. Qc5 Qxc5 33. dxc5 d4 34. g4 Bb7 35. Kf2 Ke7 36. g5 Nd7 37. Re1 Nxc5 38. Rc1 Kd6 39. h4 Nd5 40. h5 Nf4 41. g6 Nxg6 42. hxg6 hxg6 43. b4 Nd7 44. Rd1 e5 45. Bd3 Bd5 46. a3 Nb6 47. Rg1 Bf7 48. Bxg6 Be6 49. Be4 Nc4 50. Rg6 Ke7 51. Rg7+ Kd6 52. Ra7 Bc8 53. Ra8 Nb6 54. Ra7 Nc4 55. Ra8 Nb6 56. Ra7 1/2-1/2